[Event "DVM U20 2020"]
[Site "Willingen GER"]
[Date "2021.06.25"]
[Round "4"]
[White "Wu, Luka"]
[Black "Meyling, Lennart"]
[Result "1-0"]
[Termination "normal"]
[Board "2.3"]
[WhiteElo "2065"]
[BlackElo "2044"]
[WhiteClock "00:10:37"]
[BlackClock "00:02:41"]
[WhiteTeam "OSG Baden-Baden"]
[BlackTeam "Hamburger SK von 1830"]
[PlyCount "133"]
[WhiteFideId "12977420"]
[BlackFideId "12947130"]
[EventCountry "GER"]
[EventRounds "7"]
[EventType "team-swiss"]
[EventDate "2021.06.23"]

1. e4 {[%clk 01:30:58]} {[%emt 00:00:02]} d5 {[%clk 01:30:40]} {[%emt
00:00:19]} 2. exd5 {[%clk 01:31:21]} {[%emt 00:00:08]} Qxd5 {[%clk 01:29:54]}
{[%emt 00:01:15]} 3. Nc3 {[%clk 01:31:46]} {[%emt 00:00:06]} Qd6 {[%clk
01:28:54]} {[%emt 00:01:29]} 4. d4 {[%clk 01:31:55]} {[%emt 00:00:22]} Nf6
{[%clk 01:27:32]} {[%emt 00:01:52]} 5. Nf3 {[%clk 01:30:53]} {[%emt 00:01:31]}
c6 {[%clk 01:26:58]} {[%emt 00:01:04]} 6. Be2 {[%clk 01:26:52]} {[%emt
00:04:31]} Bg4 {[%clk 01:25:37]} {[%emt 00:01:50]} 7. h3 {[%clk 01:26:38]}
{[%emt 00:00:46]} Bh5 {[%clk 01:25:24]} {[%emt 00:00:43]} 8. g4 {[%clk
01:09:10]} {[%emt 00:17:58]} Bg6 {[%clk 01:24:41]} {[%emt 00:01:12]} 9. Ne5
{[%clk 01:09:15]} {[%emt 00:00:26]} Nbd7 {[%clk 01:23:07]} {[%emt 00:02:03]}
10. Nc4 {[%clk 01:05:57]} {[%emt 00:03:48]} Qc7 {[%clk 01:21:38]} {[%emt
00:01:59]} 11. Be3 {[%clk 01:04:01]} {[%emt 00:02:27]} Nd5 {[%clk 01:17:55]}
{[%emt 00:04:12]} 12. Qd2 {[%clk 00:57:54]} {[%emt 00:06:38]} e6 {[%clk
01:09:51]} {[%emt 00:08:33]} 13. a3 {[%clk 00:57:17]} {[%emt 00:01:07]} Nxe3
{[%clk 01:06:40]} {[%emt 00:03:41]} 14. Nxe3 {[%clk 00:56:57]} {[%emt
00:00:51]} Nb6 {[%clk 00:59:51]} {[%emt 00:07:18]} 15. h4 {[%clk 00:49:12]}
{[%emt 00:08:16]} h6 {[%clk 00:58:36]} {[%emt 00:01:44]} 16. Bd3 {[%clk
00:46:48]} {[%emt 00:02:55]} Bxd3 {[%clk 00:55:28]} {[%emt 00:03:37]} 17. Qxd3
{[%clk 00:47:13]} {[%emt 00:00:06]} O-O-O {[%clk 00:54:55]} {[%emt 00:01:03]}
18. O-O-O {[%clk 00:46:22]} {[%emt 00:01:21]} g6 {[%clk 00:51:44]} {[%emt
00:03:40]} 19. Qe4 {[%clk 00:42:05]} {[%emt 00:04:47]} Kb8 {[%clk 00:50:43]}
{[%emt 00:01:32]} 20. f4 {[%clk 00:38:46]} {[%emt 00:03:49]} Bg7 {[%clk
00:48:33]} {[%emt 00:02:39]} 21. Ne2 {[%clk 00:38:23]} {[%emt 00:00:54]} h5
{[%clk 00:41:44]} {[%emt 00:07:19]} 22. g5 {[%clk 00:36:55]} {[%emt 00:01:57]}
Rd7 {[%clk 00:40:14]} {[%emt 00:02:00]} 23. Rhe1 {[%clk 00:34:04]} {[%emt
00:03:22]} Rhd8 {[%clk 00:39:22]} {[%emt 00:01:22]} 24. c3 {[%clk 00:34:06]}
{[%emt 00:00:27]} c5 {[%clk 00:39:04]} {[%emt 00:00:48]} 25. dxc5 {[%clk
00:30:21]} {[%emt 00:04:15]} Qxc5 {[%clk 00:37:57]} {[%emt 00:01:37]} 26. Rxd7
{[%clk 00:24:25]} {[%emt 00:06:27]} Rxd7 {[%clk 00:38:15]} {[%emt 00:00:12]}
27. Rd1 {[%clk 00:22:31]} {[%emt 00:02:24]} Rxd1+ {[%clk 00:36:49]} {[%emt
00:01:55]} 28. Kxd1 {[%clk 00:21:00]} {[%emt 00:02:01]} Qb5 {[%clk 00:33:59]}
{[%emt 00:03:20]} 29. Qc2 {[%clk 00:19:22]} {[%emt 00:02:09]} Nd5 {[%clk
00:31:49]} {[%emt 00:02:41]} 30. Nxd5 {[%clk 00:19:08]} {[%emt 00:00:43]} Qxd5+
{[%clk 00:32:13]} {[%emt 00:00:05]} 31. Qd2 {[%clk 00:19:35]} {[%emt 00:00:03]}
Qxd2+ {[%clk 00:32:34]} {[%emt 00:00:09]} 32. Kxd2 {[%clk 00:20:01]} {[%emt
00:00:04]} e5 {[%clk 00:32:04]} {[%emt 00:01:01]} 33. f5 {[%clk 00:19:49]}
{[%emt 00:00:43]} Kc7 {[%clk 00:29:14]} {[%emt 00:03:19]} 34. Kd3 {[%clk
00:14:22]} {[%emt 00:05:58]} gxf5 {[%clk 00:19:49]} {[%emt 00:09:54]} 35. Ng3
{[%clk 00:14:22]} {[%emt 00:00:30]} f4 {[%clk 00:20:07]} {[%emt 00:00:12]} 36.
Nxh5 {[%clk 00:13:53]} {[%emt 00:00:58]} Bh8 {[%clk 00:20:18]} {[%emt
00:00:19]} 37. Ke4 {[%clk 00:09:55]} {[%emt 00:04:28]} Kd6 {[%clk 00:19:43]}
{[%emt 00:01:05]} 38. b3 {[%clk 00:05:37]} {[%emt 00:04:49]} b5 {[%clk
00:14:08]} {[%emt 00:06:04]} 39. Nf6 {[%clk 00:04:32]} {[%emt 00:01:36]} a5
{[%clk 00:05:21]} {[%emt 00:09:17]} 40. Ng4 {[%clk 00:01:21]} {[%emt 00:03:41]}
Ke6 {[%clk 00:04:50]} {[%emt 00:01:01]} 41. a4 {[%clk 00:17:21]} {[%emt
00:14:30]} bxa4 {[%clk 00:35:04]} {[%emt 00:00:16]} 42. bxa4 {[%clk 00:17:45]}
{[%emt 00:00:06]} f3 {[%clk 00:34:33]} {[%emt 00:01:00]} 43. Kxf3 {[%clk
00:14:15]} {[%emt 00:04:00]} e4+ {[%clk 00:34:26]} {[%emt 00:00:38]} 44. Kxe4
{[%clk 00:14:41]} {[%emt 00:00:04]} Bxc3 {[%clk 00:34:53]} {[%emt 00:00:03]}
45. Ne3 {[%clk 00:13:23]} {[%emt 00:01:47]} Bd2 {[%clk 00:30:45]} {[%emt
00:04:38]} 46. Ng2 {[%clk 00:12:44]} {[%emt 00:01:09]} f5+ {[%clk 00:29:33]}
{[%emt 00:01:43]} 47. Kf3 {[%clk 00:12:19]} {[%emt 00:00:55]} Kf7 {[%clk
00:18:00]} {[%emt 00:12:03]} 48. Nf4 {[%clk 00:11:18]} {[%emt 00:01:31]} Kg7
{[%clk 00:17:15]} {[%emt 00:01:14]} 49. Nh3 {[%clk 00:09:16]} {[%emt 00:02:29]}
Kg6 {[%clk 00:17:13]} {[%emt 00:00:36]} 50. Nf4+ {[%clk 00:09:42]} {[%emt
00:00:04]} Kg7 {[%clk 00:17:39]} {[%emt 00:00:03]} 51. h5 {[%clk 00:09:36]}
{[%emt 00:00:36]} Kh7 {[%clk 00:17:20]} {[%emt 00:00:50]} 52. Nh3 {[%clk
00:09:59]} {[%emt 00:00:07]} Kg7 {[%clk 00:17:33]} {[%emt 00:00:16]} 53. Ke2
{[%clk 00:10:18]} {[%emt 00:00:12]} Bc1 {[%clk 00:17:45]} {[%emt 00:00:18]} 54.
Kd3 {[%clk 00:10:35]} {[%emt 00:00:13]} Kf7 {[%clk 00:16:17]} {[%emt 00:01:58]}
55. Kd4 {[%clk 00:08:53]} {[%emt 00:02:11]} Ke6 {[%clk 00:15:45]} {[%emt
00:01:02]} 56. h6 {[%clk 00:08:21]} {[%emt 00:01:03]} Bb2+ {[%clk 00:13:45]}
{[%emt 00:02:29]} 57. Ke3 {[%clk 00:08:45]} {[%emt 00:00:06]} Kf7 {[%clk
00:07:23]} {[%emt 00:06:52]} 58. Nf4 {[%clk 00:09:09]} {[%emt 00:00:07]} Be5
{[%clk 00:04:45]} {[%emt 00:03:08]} 59. g6+ {[%clk 00:07:50]} {[%emt 00:01:49]}
Kf6 {[%clk 00:05:00]} {[%emt 00:00:15]} 60. g7 {[%clk 00:07:39]} {[%emt
00:00:40]} Kf7 {[%clk 00:05:14]} {[%emt 00:00:16]} 61. Nd5 {[%clk 00:08:04]}
{[%emt 00:00:05]} Bxg7 {[%clk 00:01:34]} {[%emt 00:04:10]} 62. hxg7 {[%clk
00:08:30]} {[%emt 00:00:05]} Kxg7 {[%clk 00:02:01]} {[%emt 00:00:03]} 63. Ne7
{[%clk 00:08:56]} {[%emt 00:00:04]} Kf6 {[%clk 00:02:07]} {[%emt 00:00:23]} 64.
Nc6 {[%clk 00:09:21]} {[%emt 00:00:05]} Ke6 {[%clk 00:02:24]} {[%emt 00:00:14]}
65. Nxa5 {[%clk 00:09:46]} {[%emt 00:00:05]} Kd5 {[%clk 00:02:26]} {[%emt
00:00:28]} 66. Nb3 {[%clk 00:10:11]} {[%emt 00:00:05]} Kc4 {[%clk 00:02:41]}
{[%emt 00:00:14]} 67. a5 {[%clk 00:10:37]} {[%emt 00:00:05]} 1-0

[Event "DVM U20 2020"]
[Site "Willingen GER"]
[Date "2021.06.25"]
[Round "4"]
[White "Foo, Tzun Hong"]
[Black "Wu, Leon"]
[Result "0-1"]
[Termination "normal"]
[Board "2.4"]
[WhiteElo "1909"]
[BlackElo "1981"]
[WhiteClock "00:00:56"]
[BlackClock "00:16:42"]
[WhiteTeam "Hamburger SK von 1830"]
[BlackTeam "OSG Baden-Baden"]
[PlyCount "118"]
[WhiteFideId "12974200"]
[BlackFideId "12977438"]
[EventCountry "GER"]
[EventRounds "7"]
[EventType "team-swiss"]
[EventDate "2021.06.23"]

1. e4 {[%clk 01:30:54]} {[%emt 00:00:06]} c5 {[%clk 01:30:33]} {[%emt
00:00:27]} 2. Nf3 {[%clk 01:31:11]} {[%emt 00:00:13]} d6 {[%clk 01:30:59]}
{[%emt 00:00:05]} 3. d4 {[%clk 01:31:33]} {[%emt 00:00:08]} cxd4 {[%clk
01:31:19]} {[%emt 00:00:10]} 4. Nxd4 {[%clk 01:31:57]} {[%emt 00:00:06]} Nf6
{[%clk 01:31:29]} {[%emt 00:00:19]} 5. Nc3 {[%clk 01:32:20]} {[%emt 00:00:07]}
g6 {[%clk 01:31:36]} {[%emt 00:00:23]} 6. g3 {[%clk 01:32:19]} {[%emt
00:00:31]} Nc6 {[%clk 01:31:22]} {[%emt 00:00:44]} 7. Bg2 {[%clk 01:30:43]}
{[%emt 00:02:07]} Bg7 {[%clk 01:29:51]} {[%emt 00:02:01]} 8. Nde2 {[%clk
01:30:26]} {[%emt 00:00:46]} O-O {[%clk 01:30:08]} {[%emt 00:00:13]} 9. O-O
{[%clk 01:30:51]} {[%emt 00:00:06]} Rb8 {[%clk 01:30:25]} {[%emt 00:00:13]} 10.
a4 {[%clk 01:25:32]} {[%emt 00:05:49]} a6 {[%clk 01:30:47]} {[%emt 00:00:07]}
11. Nd5 {[%clk 01:25:28]} {[%emt 00:00:34]} e6 {[%clk 01:20:44]} {[%emt
00:10:34]} 12. Nxf6+ {[%clk 01:22:27]} {[%emt 00:03:31]} Bxf6 {[%clk 01:21:06]}
{[%emt 00:00:07]} 13. c3 {[%clk 01:22:48]} {[%emt 00:00:09]} b5 {[%clk
01:20:01]} {[%emt 00:01:35]} 14. Bh6 {[%clk 01:11:29]} {[%emt 00:11:50]} Re8
{[%clk 01:17:37]} {[%emt 00:02:53]} 15. Bf4 {[%clk 01:06:13]} {[%emt 00:05:46]}
Ne5 {[%clk 01:14:47]} {[%emt 00:03:20]} 16. Qc2 {[%clk 01:00:18]} {[%emt
00:06:26]} Qc7 {[%clk 01:08:06]} {[%emt 00:07:11]} 17. Rfd1 {[%clk 00:51:10]}
{[%emt 00:09:37]} Rd8 {[%clk 00:57:44]} {[%emt 00:10:53]} 18. Nd4 {[%clk
00:36:12]} {[%emt 00:15:28]} Bd7 {[%clk 00:52:16]} {[%emt 00:05:58]} 19. axb5
{[%clk 00:31:01]} {[%emt 00:05:41]} axb5 {[%clk 00:46:22]} {[%emt 00:06:23]}
20. Nf3 {[%clk 00:28:26]} {[%emt 00:03:05]} Nxf3+ {[%clk 00:42:44]} {[%emt
00:04:08]} 21. Bxf3 {[%clk 00:28:48]} {[%emt 00:00:08]} e5 {[%clk 00:29:16]}
{[%emt 00:13:59]} 22. Be3 {[%clk 00:28:36]} {[%emt 00:00:41]} Be7 {[%clk
00:28:48]} {[%emt 00:00:59]} 23. Ra7 {[%clk 00:16:34]} {[%emt 00:12:32]} Rb7
{[%clk 00:28:42]} {[%emt 00:00:35]} 24. Rda1 {[%clk 00:16:42]} {[%emt
00:00:21]} Rdb8 {[%clk 00:27:47]} {[%emt 00:01:26]} 25. Qd2 {[%clk 00:10:02]}
{[%emt 00:07:11]} Bf8 {[%clk 00:23:48]} {[%emt 00:04:29]} 26. Qd1 {[%clk
00:01:41]} {[%emt 00:08:50]} Bc6 {[%clk 00:14:42]} {[%emt 00:09:36]} 27. R1a6
{[%clk 00:00:38]} {[%emt 00:01:33]} Qc8 {[%clk 00:11:49]} {[%emt 00:03:22]} 28.
Rxb7 {[%clk 00:00:46]} {[%emt 00:00:24]} Rxb7 {[%clk 00:11:18]} {[%emt
00:01:01]} 29. Qb3 {[%clk 00:00:37]} {[%emt 00:00:37]} Kg7 {[%clk 00:10:16]}
{[%emt 00:01:33]} 30. Bg2 {[%clk 00:00:34]} {[%emt 00:00:34]} Rd7 {[%clk
00:06:53]} {[%emt 00:03:52]} 31. Ra7 {[%clk 00:00:37]} {[%emt 00:00:27]} Rxa7
{[%clk 00:06:44]} {[%emt 00:00:39]} 32. Bxa7 {[%clk 00:01:02]} {[%emt
00:00:06]} Qa8 {[%clk 00:06:22]} {[%emt 00:00:51]} 33. Be3 {[%clk 00:00:53]}
{[%emt 00:00:40]} Qa1+ {[%clk 00:03:57]} {[%emt 00:02:55]} 34. Bf1 {[%clk
00:01:15]} {[%emt 00:00:07]} Bxe4 {[%clk 00:03:28]} {[%emt 00:00:58]} 35. Qxb5
{[%clk 00:01:34]} {[%emt 00:00:12]} d5 {[%clk 00:03:31]} {[%emt 00:00:28]} 36.
Qe2 {[%clk 00:00:48]} {[%emt 00:01:15]} Be7 {[%clk 00:03:07]} {[%emt 00:00:54]}
37. f3 {[%clk 00:00:38]} {[%emt 00:00:40]} Bf5 {[%clk 00:03:13]} {[%emt
00:00:24]} 38. Kg2 {[%clk 00:00:48]} {[%emt 00:00:21]} h5 {[%clk 00:01:23]}
{[%emt 00:02:19]} 39. Qd2 {[%clk 00:00:51]} {[%emt 00:00:27]} e4 {[%clk
00:01:02]} {[%emt 00:00:52]} 40. Be2 {[%clk 00:00:46]} {[%emt 00:00:35]} Bf6
{[%clk 00:00:49]} {[%emt 00:00:43]} 41. Bd4 {[%clk 00:22:53]} {[%emt 00:08:23]}
Bxd4 {[%clk 00:29:15]} {[%emt 00:02:04]} 42. Qxd4+ {[%clk 00:21:41]} {[%emt
00:01:41]} Kg8 {[%clk 00:29:26]} {[%emt 00:00:19]} 43. Qd2 {[%clk 00:21:16]}
{[%emt 00:00:55]} e3 {[%clk 00:25:32]} {[%emt 00:04:25]} 44. Qxe3 {[%clk
00:19:33]} {[%emt 00:02:12]} Qxb2 {[%clk 00:25:51]} {[%emt 00:00:11]} 45. Qe8+
{[%clk 00:10:20]} {[%emt 00:09:43]} Kg7 {[%clk 00:26:14]} {[%emt 00:00:07]} 46.
Qb5 {[%clk 00:10:07]} {[%emt 00:00:43]} Qd2 {[%clk 00:23:07]} {[%emt 00:03:37]}
47. Kf2 {[%clk 00:09:13]} {[%emt 00:01:24]} Kh7 {[%clk 00:17:53]} {[%emt
00:05:44]} 48. Qe8 {[%clk 00:05:44]} {[%emt 00:03:59]} Be6 {[%clk 00:17:51]}
{[%emt 00:00:32]} 49. Qc6 {[%clk 00:06:04]} {[%emt 00:00:10]} Qc1 {[%clk
00:17:58]} {[%emt 00:00:23]} 50. Qc5 {[%clk 00:01:04]} {[%emt 00:05:30]} Qh1
{[%clk 00:18:01]} {[%emt 00:00:27]} 51. Qd6 {[%clk 00:01:07]} {[%emt 00:00:27]}
Qxh2+ {[%clk 00:18:13]} {[%emt 00:00:19]} 52. Ke3 {[%clk 00:00:55]} {[%emt
00:00:41]} h4 {[%clk 00:17:46]} {[%emt 00:00:57]} 53. Bd3 {[%clk 00:00:40]}
{[%emt 00:00:45]} Qg1+ {[%clk 00:16:50]} {[%emt 00:01:25]} 54. Ke2 {[%clk
00:00:47]} {[%emt 00:00:24]} Qg2+ {[%clk 00:17:15]} {[%emt 00:00:04]} 55. Ke3
{[%clk 00:00:55]} {[%emt 00:00:22]} hxg3 {[%clk 00:17:16]} {[%emt 00:00:30]}
56. Qf8 {[%clk 00:00:36]} {[%emt 00:00:49]} Qf2+ {[%clk 00:16:59]} {[%emt
00:00:47]} 57. Kf4 {[%clk 00:00:56]} {[%emt 00:00:09]} Qd2+ {[%clk 00:16:13]}
{[%emt 00:01:17]} 58. Ke5 {[%clk 00:00:44]} {[%emt 00:00:42]} Qxd3 {[%clk
00:16:26]} {[%emt 00:00:17]} 59. Kf6 {[%clk 00:00:56]} {[%emt 00:00:17]} Qxc3+
{[%clk 00:16:42]} {[%emt 00:00:16]} 0-1

[Event "DVM U20 2020"]
[Site "Willingen GER"]
[Date "2021.06.25"]
[Round "4"]
[White "Jurga, Jonas Vincent"]
[Black "Fuhrmann, Åke"]
[Result "0-1"]
[Termination "normal"]
[Board "2.5"]
[WhiteElo "1907"]
[BlackElo "1912"]
[WhiteClock "00:51:33"]
[BlackClock "00:19:08"]
[WhiteTeam "OSG Baden-Baden"]
[BlackTeam "Hamburger SK von 1830"]
[PlyCount "76"]
[WhiteFideId "12968013"]
[BlackFideId "12983853"]
[EventCountry "GER"]
[EventRounds "7"]
[EventType "team-swiss"]
[EventDate "2021.06.23"]

1. e4 {[%clk 01:30:56]} {[%emt 00:00:02]} c5 {[%clk 01:30:55]} {[%emt
00:00:05]} 2. Nf3 {[%clk 01:31:22]} {[%emt 00:00:05]} d6 {[%clk 01:31:20]}
{[%emt 00:00:04]} 3. d4 {[%clk 01:31:49]} {[%emt 00:00:04]} cxd4 {[%clk
01:31:42]} {[%emt 00:00:08]} 4. Nxd4 {[%clk 01:32:16]} {[%emt 00:00:02]} Nf6
{[%clk 01:32:04]} {[%emt 00:00:08]} 5. Nc3 {[%clk 01:32:40]} {[%emt 00:00:07]}
g6 {[%clk 01:32:26]} {[%emt 00:00:08]} 6. g3 {[%clk 01:33:01]} {[%emt
00:00:09]} Bg7 {[%clk 01:32:38]} {[%emt 00:00:18]} 7. Bg2 {[%clk 01:33:24]}
{[%emt 00:00:06]} O-O {[%clk 01:32:47]} {[%emt 00:00:21]} 8. O-O {[%clk
01:33:47]} {[%emt 00:00:08]} Bd7 {[%clk 01:27:39]} {[%emt 00:05:38]} 9. a4
{[%clk 01:32:17]} {[%emt 00:01:59]} Nc6 {[%clk 01:28:00]} {[%emt 00:00:09]} 10.
Nde2 {[%clk 01:32:07]} {[%emt 00:00:40]} Rc8 {[%clk 01:27:51]} {[%emt
00:00:39]} 11. Nd5 {[%clk 01:30:38]} {[%emt 00:01:59]} Na5 {[%clk 01:21:03]}
{[%emt 00:07:18]} 12. Nec3 {[%clk 01:28:54]} {[%emt 00:02:14]} Nc4 {[%clk
01:19:51]} {[%emt 00:01:43]} 13. Rb1 {[%clk 01:23:15]} {[%emt 00:06:09]} Nxd5
{[%clk 01:14:52]} {[%emt 00:05:29]} 14. Nxd5 {[%clk 01:22:58]} {[%emt
00:00:46]} e6 {[%clk 01:11:20]} {[%emt 00:04:02]} 15. Ne3 {[%clk 01:22:26]}
{[%emt 00:01:03]} Nxe3 {[%clk 01:09:42]} {[%emt 00:02:08]} 16. Bxe3 {[%clk
01:22:52]} {[%emt 00:00:03]} Bxa4 {[%clk 01:09:32]} {[%emt 00:00:41]} 17. b3
{[%clk 01:23:15]} {[%emt 00:00:06]} Bc6 {[%clk 01:08:44]} {[%emt 00:01:19]} 18.
c4 {[%clk 01:18:31]} {[%emt 00:05:13]} Qc7 {[%clk 01:01:44]} {[%emt 00:07:30]}
19. Qe2 {[%clk 01:14:57]} {[%emt 00:04:04]} b6 {[%clk 00:59:40]} {[%emt
00:02:35]} 20. Rbd1 {[%clk 01:12:11]} {[%emt 00:03:16]} Rfd8 {[%clk 00:55:32]}
{[%emt 00:04:38]} 21. Bd4 {[%clk 01:09:41]} {[%emt 00:02:59]} Qb7 {[%clk
00:53:16]} {[%emt 00:02:47]} 22. Rfe1 {[%clk 01:09:03]} {[%emt 00:01:08]} b5
{[%clk 00:38:55]} {[%emt 00:14:51]} 23. h4 {[%clk 01:05:08]} {[%emt 00:04:25]}
bxc4 {[%clk 00:37:37]} {[%emt 00:01:48]} 24. Bxg7 {[%clk 00:57:12]} {[%emt
00:08:26]} Kxg7 {[%clk 00:37:55]} {[%emt 00:00:12]} 25. bxc4 {[%clk 00:57:31]}
{[%emt 00:00:10]} Qb4 {[%clk 00:33:12]} {[%emt 00:05:13]} 26. h5 {[%clk
00:55:39]} {[%emt 00:02:22]} Ba4 {[%clk 00:30:34]} {[%emt 00:03:09]} 27. Rc1
{[%clk 00:55:16]} {[%emt 00:00:52]} Rc5 {[%clk 00:30:36]} {[%emt 00:00:29]} 28.
g4 {[%clk 00:54:32]} {[%emt 00:01:14]} Rdc8 {[%clk 00:28:58]} {[%emt 00:02:08]}
29. Qf3 {[%clk 00:53:54]} {[%emt 00:01:08]} h6 {[%clk 00:26:22]} {[%emt
00:03:06]} 30. Bf1 {[%clk 00:52:47]} {[%emt 00:01:36]} gxh5 {[%clk 00:23:22]}
{[%emt 00:03:31]} 31. gxh5 {[%clk 00:52:39]} {[%emt 00:00:37]} Rg5+ {[%clk
00:23:41]} {[%emt 00:00:11]} 32. Kh1 {[%clk 00:52:37]} {[%emt 00:00:33]} Rcc5
{[%clk 00:22:17]} {[%emt 00:01:54]} 33. Be2 {[%clk 00:51:07]} {[%emt 00:02:00]}
Rxh5+ {[%clk 00:19:13]} {[%emt 00:03:34]} 34. Qxh5 {[%clk 00:51:18]} {[%emt
00:00:18]} Rxh5+ {[%clk 00:19:39]} {[%emt 00:00:05]} 35. Bxh5 {[%clk 00:51:36]}
{[%emt 00:00:12]} Qc5 {[%clk 00:20:05]} {[%emt 00:00:04]} 36. Bf3 {[%clk
00:51:47]} {[%emt 00:00:19]} Qxf2 {[%clk 00:20:15]} {[%emt 00:00:21]} 37. Bg2
{[%clk 00:52:11]} {[%emt 00:00:05]} Bc6 {[%clk 00:19:31]} {[%emt 00:01:12]} 38.
Rcd1 {[%clk 00:51:33]} {[%emt 00:01:09]} f5 {[%clk 00:19:08]} {[%emt 00:00:54]}
0-1

[Event "DVM U20 2020"]
[Site "Willingen GER"]
[Date "2021.06.25"]
[Round "4"]
[White "Wolfram, Tom"]
[Black "Stankovic, David"]
[Result "1-0"]
[Termination "normal"]
[Board "2.6"]
[WhiteElo "1748"]
[BlackElo "1314"]
[WhiteClock "01:27:28"]
[BlackClock "01:21:49"]
[WhiteTeam "Hamburger SK von 1830"]
[BlackTeam "OSG Baden-Baden"]
[PlyCount "20"]
[WhiteFideId "16214510"]
[BlackFideId "16240685"]
[EventCountry "GER"]
[EventRounds "7"]
[EventType "team-swiss"]
[EventDate "2021.06.23"]

1. e4 {[%clk 01:30:53]} {[%emt 00:00:06]} e5 {[%clk 01:30:56]} {[%emt
00:00:05]} 2. Nf3 {[%clk 01:30:37]} {[%emt 00:00:46]} Nc6 {[%clk 01:31:21]}
{[%emt 00:00:04]} 3. Bc4 {[%clk 01:30:34]} {[%emt 00:00:33]} Nf6 {[%clk
01:31:41]} {[%emt 00:00:09]} 4. d4 {[%clk 01:30:19]} {[%emt 00:00:45]} exd4
{[%clk 01:27:34]} {[%emt 00:04:38]} 5. O-O {[%clk 01:29:59]} {[%emt 00:00:50]}
Bc5 {[%clk 01:27:32]} {[%emt 00:00:32]} 6. e5 {[%clk 01:29:24]} {[%emt
00:01:06]} Ng4 {[%clk 01:26:51]} {[%emt 00:01:08]} 7. Bf4 {[%clk 01:29:10]}
{[%emt 00:00:45]} Na5 {[%clk 01:25:46]} {[%emt 00:01:35]} 8. Bxf7+ {[%clk
01:27:21]} {[%emt 00:02:20]} Kxf7 {[%clk 01:24:04]} {[%emt 00:02:12]} 9. Ng5+
{[%clk 01:27:39]} {[%emt 00:00:13]} Kf8 {[%clk 01:22:15]} {[%emt 00:02:16]} 10.
Qxg4 {[%clk 01:27:28]} {[%emt 00:00:44]} h6 {[%clk 01:21:49]} {[%emt 00:00:56]}
1-0